000 00856cam a2200265 i 4500
001 6660
003 Mx-PuUPA
005 20250618142854.0
008 140415s2008 mx a dr 000 0 spa d
020 _a9789709589405
040 _aMx-PuUPA
_bspa
_cMx-PuUPA
_dMx-PuUPA
_erda
041 0 _aspa
100 1 _aLandaverde, José Pedro,
_914214
_eautor
245 1 0 _aY después de la prepa... ¿qué? /
_cJosé Pedro Landaverde López
250 _aSegunda edición
264 1 _a[México, D.F.] :
_bImu Ediciones,
_c2008
300 _a159 páginas:
_bilustraciones ;
_c21 cm
336 _2rdacontent
_atexto
_btxt
337 _2rdamedia
_asin medio
_bn
338 _2rdacarrier
_avolumen
_bnc
650 7 _2armarc
_aOrientación profesional
_xConsejería
942 _2ddc
_cLI
_h370.113
_iL24
999 _c6660
_d6660